The Venus Quiz - Statistics

General Stats
  • This quiz has been taken 6,947 times
    6,914 since last reset
  • The average score is 9 of 15
Answer Stats
Hint Answer % Correct
Number of moons 0
92%
The symbol for Venus ♀ is also a symbol of ... The female sex
81%
Greek name of the Roman god Venus Aphrodite
70%
Why Venus is the hottest planet in the solar system {Greenhouse} effect
70%
Gas making up 96% of Venus's atmosphere Carbon dioxide
68%
Term for Venus when it appears in the east just before sunrise The {Morning} Star
66%
Country who landed the first probe on the surface of Venus in 1975 Soviet Union
64%
Venus is the only planet that can be seen from earth in ... Broad daylight
61%
The adjective form of Mars is Martian. What is the adjective form of Venus? Venusian
59%
Sea captain who sailed to Tahiti to observe one of the above in 1768 Captain Cook
57%
Greek term for the same thing, today the name of the element with symbol P Phosphorus
57%
Latin term for the above, meaning "light bringer", associated with a fallen angel Lucifer
41%
Part of Venus where it is thought that microorganisms might live Atmosphere
33%
Term for the rare occurences when Venus passes directly between the Earth and Sun {Transit} of Venus
26%
U.S. probe that swung by Venus in 1962, the first successful interplanetary mission {Mariner} 2
16%
No matching quizzes found
Score Distribution
Percent of People with Each Score
Percentile by Number Answered
Your Score History
You have not taken this quiz since the last reset